000
00300nam a22001337a 4500
082
_a
894.812.3
_b
BAS/P
100
_a
BASHEER,MUHAMMAD
245
_a
PREMALEKHANAM
246
_a
PREMALEKHANAM
_b
PREMALEKHANAM
260
_a
KOTTAYAM
_b
D C
_c
2022
300
_a
55
650
_a
MALAYALAM NOVEL
942
_c
BK
999
_c
8603
_d
8603